LDR 00803naa#a2200169#i#450# 001 EN\\bibl\118113 005 20260428150851.2 011 ## _a3033-8239 100 ## _a20260401b2026####ek#y0engy0150####ca 102 ## _aRU 200 1# _aADMINISTRATIVE RESPONSIBILITY FOR VIOLATIONS OF THE PROCESSING REGIME FOR BIOMETRIC PERSONAL DATA _eJournal article 210 1# _aArmavir _cAutonomous Non-Commercial Organization Research Institute "Digital Philosophy - Digital Intelligence" _d2026 215 ## _a0 с. 608 ## _aJournal article _2local 675 ## _aГосударственное право. Конституционное право. Административное право. 342 _aАдминистративное право. 342.9 _z 700 #1 _aAlexander _gAlexandrovich Zatolokin 856 4# _aintellectualsovereignty.ru _u